Dutch Football Legends Quiz #2 - Statistics

General Stats
  • This quiz has been taken 37 times
  • The average score is 10 of 16
Answer Stats
Picture Answer % Correct
Frank de Boer
94%
Ronald de Boer
94%
Frenkie de Jong
91%
Dennis Bergkamp
88%
Mark van Bommel
79%
Rafael van der Vaart
79%
Giovanni van Bronckhorst
76%
Klaas-Jan Huntelaar
76%
Frank Rijkaard
73%
Marc Overmars
70%
Stefan de Vrij
61%
Phillip Cocu
48%
Johan Neeskens
45%
WIllem van Hanegem
33%
Ruud Krol
27%
Faas Wilkes
15%
No matching quizzes found
Score Distribution
Percent of People with Each Score
Percentile by Number Answered
Your Score History
You have not taken this quiz